000 00539nam a2200193Ia 4500
005 20250326143147.0
008 250326s9999 xx 000 0 und d
020 _a0-256-12072-2
037 _aTextbook
040 _aFMSL
_beng
_cFMSL
041 _aeng
_2eng
084 _aX3:8M N4
_qFMSL
100 _aSmeltzer L
_9747259
245 0 _aManagerial communication:strategies and applications
_cSmeltzer L
260 _aLondon
_bLondon, Irwin
_c1994
300 _a502p
942 _cTB
_hX3:8M N4
999 _c1298375
_d1298375